[Event "Championnat Loire Jeunes 2009 - Minimes"]
[Site "Saint Just"]
[Date "2009.10.24"]
[Round "3.2"]
[White "Desassis, Maxence"]
[Black "Bader, Gaetan"]
[Result "1-0"]
[WhiteElo "1690"]
[BlackElo "1220"]
[PlyCount "115"]
[EventDate "2009.??.??"]

1. d4 d5 2. Nf3 Nc6 3. Bg5 Nf6 4. e3 Be6 5. a3 Qd7 6. Bd3 h6 7. Bf4 Bf5 8. O-O
e6 9. Bxf5 exf5 10. Nbd2 Be7 11. c4 Ne4 12. Nxe4 fxe4 13. cxd5 Qxd5 14. Ne5 g5
15. Bg3 Rg8 16. Nxc6 Qxc6 17. d5 Qc5 18. Rc1 Qb6 19. Rxc7 Rd8 20. Qa4+ Kf8 21.
Qxe4 Bd6 22. Bxd6+ Qxd6 23. Rxb7 a6 24. Rd1 Kg7 25. Qe7 Rgf8 26. Qxd6 Rxd6 27.
Rc7 Rfd8 28. e4 Kg6 29. f3 f5 30. Kf2 h5 31. Rdc1 g4 32. R7c6 Kg5 33. Rxd6 Rxd6
34. Rc6 Rd8 35. Rxa6 gxf3 36. gxf3 fxe4 37. fxe4 Kf4 38. Re6 Rb8 39. b4 Ra8 40.
Rh6 Rxa3 41. Rxh5 Ra2+ 42. Ke1 Ke3 43. Rh3+ Kxe4 44. d6 Ra7 45. Rh5 Rd7 46. Rh6
Kd5 47. Kf2 Kc4 48. Kg3 Kxb4 49. Kf4 Kc5 50. h4 Rxd6 51. Rh5+ Kc6 52. Re5 Kd7
53. Kg5 Kd8 54. h5 Kc8 55. h6 Rd8 56. h7 Rh8 57. Kg6 Rxh7 58. Kxh7 1-0

[Event "Championnat Loire Jeunes 2009 - Minimes"]
[Site "Saint Just"]
[Date "2009.10.24"]
[Round "3.3"]
[White "Vanel, Alexandre"]
[Black "Bourchany, Marie"]
[Result "0-1"]
[WhiteElo "1199"]
[BlackElo "1199"]
[PlyCount "54"]
[EventDate "2009.??.??"]

1. e4 e5 2. Bc4 d6 3. Nc3 Nc6 4. d3 b5 5. Nxb5 Be7 6. Bd5 Bb7 7. Nf3 a6 8.
Bxc6+ Bxc6 9. Nc3 Nf6 10. O-O O-O 11. Be3 Ng4 12. Ng5 Nxe3 13. Qe2 Nxf1 14.
Qxf1 Bxg5 15. g3 Rb8 16. h4 Bh6 17. b3 Qf6 18. a4 Rb4 19. f3 Be3+ 20. Kh2 Bd2
21. Rd1 Bxc3 22. d4 Rxd4 23. Rxd4 exd4 24. Qxa6 Ba8 25. g4 Qxf3 26. Qc4 Bxe4
27. Qxc7 Qg2# 0-1

[Event "Championnat Loire Jeunes 2009 - Minimes"]
[Site "Saint Just"]
[Date "2009.10.25"]
[Round "4.2"]
[White "Bader, Gaetan"]
[Black "Vanel, Alexandre"]
[Result "1-0"]
[WhiteElo "1220"]
[BlackElo "1199"]
[PlyCount "103"]
[EventDate "2009.??.??"]

1. e4 e5 2. Nf3 Nc6 3. Nc3 Nf6 4. d3 Bb4 5. Bd2 d6 6. a3 Bc5 7. Be2 Be6 8. O-O
O-O 9. b4 Bd4 10. b5 Bxc3 11. Bxc3 Nd4 12. Nxd4 exd4 13. Bxd4 Bd7 14. c4 c6 15.
a4 cxb5 16. axb5 a6 17. Qb1 axb5 18. cxb5 Rxa1 19. Qxa1 Bxb5 20. Qb1 Qd7 21. e5
dxe5 22. Bxe5 Nd5 23. Qc1 Qe6 24. f4 Nxf4 25. Qxf4 f6 26. Bd6 Rd8 27. Bc7 Rd7
28. Re1 Bxd3 29. Qf3 Be4 30. Qc3 Qd5 31. Bc4 Rxc7 32. Bxd5+ Bxd5 33. Qb4 Rc4
34. Re8+ Kf7 35. Qe7+ Kg6 36. Rf8 Rc1+ 37. Kf2 Rc2+ 38. Kg3 Rxg2+ 39. Kh3 Kh5
40. Qe8+ g6 41. Rxf6 Kg5 42. Qe5+ Kh6 43. Qxd5 Rxh2+ 44. Kxh2 Kg7 45. Qf7+ Kh6
46. Rf3 Kh5 47. Qxh7+ Kg5 48. Qxb7 Kh6 49. Rg3 g5 50. Qb6+ Kh7 51. Rxg5 Kh8 52.
Qh6# 1-0

[Event "Championnat Loire Jeunes 2009 - Minimes"]
[Site "Saint Just"]
[Date "2009.10.25"]
[Round "4.3"]
[White "Chambosse, Alexis"]
[Black "Desassis, Maxence"]
[Result "0-1"]
[WhiteElo "1490"]
[BlackElo "1690"]
[PlyCount "62"]
[EventDate "2009.??.??"]

1. e4 c5 2. Nf3 Nc6 3. Bc4 d6 4. a3 Bg4 5. d3 g6 6. h3 Bxf3 7. Qxf3 Nf6 8. Bf4
Bg7 9. Qe3 Nd4 10. Qd2 d5 11. exd5 Nxd5 12. Bxd5 Qxd5 13. O-O O-O 14. Nc3 Qd7
15. Rac1 Rfe8 16. Ne4 Ne6 17. Nc3 Nxf4 18. Qxf4 Qd6 19. Qc4 Qd4 20. Qb3 b6 21.
Rfe1 Rac8 22. Re4 Qd7 23. Rce1 e6 24. Rd1 Red8 25. Nb5 a6 26. Nc3 b5 27. Ree1
Qc7 28. Kf1 Bd4 29. Ne2 c4 30. dxc4 bxc4 31. Qb5 axb5 0-1

[Event "Championnat Loire Jeunes 2009 - Minimes"]
[Site "Saint Just"]
[Date "2009.10.25"]
[Round "5.2"]
[White "Vanel, Alexandre"]
[Black "Chambosse, Alexis"]
[Result "0-1"]
[WhiteElo "1199"]
[BlackElo "1490"]
[PlyCount "42"]
[EventDate "2009.??.??"]

1. e4 e5 2. Bc4 Nf6 3. d3 Bc5 4. Bg5 h6 5. Bxf6 Qxf6 6. Nf3 d6 7. O-O O-O 8.
Nc3 Be6 9. Bxe6 Qxe6 10. Qe2 Nc6 11. a3 Nd4 12. Qd2 Nxf3+ 13. gxf3 f5 14. exf5
Rxf5 15. Rae1 Raf8 16. f4 Rxf4 17. Nd5 Rg4+ 18. Kh1 Qxd5+ 19. f3 Rxf3 20. Rxf3
Qxf3+ 21. Qg2 Qxg2# 0-1

[Event "Championnat Loire Jeunes 2009 - Minimes"]
[Site "Saint Just"]
[Date "2009.10.25"]
[Round "5.3"]
[White "Bourchany, Marie"]
[Black "Bader, Gaetan"]
[Result "0-1"]
[WhiteElo "1199"]
[BlackElo "1220"]
[PlyCount "38"]
[EventDate "2009.??.??"]

1. e4 e5 2. d3 Nc6 3. Qg4 Nf6 4. Qh4 Be7 5. Nc3 d6 6. Nf3 Nd4 7. Qg5 O-O 8. a4
Nd7 9. Qg4 Nc5 10. Qg3 a6 11. Bg5 Nce6 12. Bxe7 Qxe7 13. Nd5 Qd8 14. c3 Nc2+
15. Kd1 Nxa1 16. Nb6 cxb6 17. Be2 Qd7 18. Nh4 Qxa4+ 19. Kc1 Qc2# 0-1

[Event "Championnat Loire Jeunes 2009 - Cadets-J"]
[Site "Saint Just "]
[Date "2009.10.24"]
[Round "1.1"]
[White "Schlick, Paul"]
[Black "Muller, Anthony"]
[Result "0-1"]
[WhiteElo "1430"]
[BlackElo "1920"]
[PlyCount "64"]
[EventDate "2009.??.??"]

1. d4 e6 2. e4 d5 3. c4 dxe4 4. Nc3 c5 5. d5 f5 6. f3 Bd6 7. fxe4 Qh4+ 8. Kd2
fxe4 9. Qe2 Nf6 10. Nh3 exd5 11. g3 Qh6+ 12. Kc2 Qg6 13. cxd5 O-O 14. Bg2 Bg4
15. Qc4 a6 16. Nf4 Bxf4 17. Bxf4 b5 18. Qf1 b4 19. Na4 Nxd5 20. Qc4 Be6 21.
Bxe4 Nxf4 22. Bxg6 Bxc4 23. Bxh7+ Kxh7 24. gxf4 Nd7 25. Rad1 Bb5 26. b3 Bxa4
27. bxa4 Nb6 28. a5 Nc4 29. Rd7 Rxf4 30. Rg1 Rg8 31. Rg3 Rf2+ 32. Kb3 Nxa5+ 0-1

[Event "Championnat Loire Jeunes 2009 - Cadets-J"]
[Site "Saint Just "]
[Date "2009.10.24"]
[Round "1.2"]
[White "Moleins, Adrien"]
[Black "Swietlicki, Jordan"]
[Result "1-0"]
[WhiteElo "1688"]
[BlackElo "1310"]
[PlyCount "62"]
[EventDate "2009.??.??"]

1. e4 e5 2. Nf3 d6 3. Bc4 Nf6 4. Nc3 h6 5. h3 Be7 6. O-O O-O 7. d4 Nbd7 8. Be3
c6 9. Nh2 Nb6 10. Bd3 Be6 11. dxe5 dxe5 12. f4 exf4 13. Bxf4 Bc4 14. Rf3 Qe8
15. Rg3 Bc5+ 16. Kh1 Kh8 17. Ng4 Nh5 18. Rf3 Nxf4 19. Rxf4 Rd8 20. Qd2 Be7 21.
Raf1 Bxd3 22. cxd3 Bg5 23. h4 Bxf4 24. Rxf4 Rd6 25. e5 Re6 26. Rf6 Rxf6 27.
exf6 g5 28. Nxh6 gxh4 29. Nf5 Qe1+ 30. Qxe1 Kh7 31. Qxh4+ Kg6 1-0

[Event "Championnat Loire Jeunes 2009 - Cadets-J"]
[Site "Saint Just "]
[Date "2009.10.24"]
[Round "1.3"]
[White "Briancon, Jean Philippe"]
[Black "Desassis, Gregoire"]
[Result "0-1"]
[WhiteElo "1299"]
[BlackElo "1550"]
[PlyCount "36"]
[EventDate "2009.??.??"]

1. e4 e6 2. d4 d5 3. exd5 exd5 4. Nc3 Nf6 5. Nf3 Bd6 6. Be2 c6 7. O-O O-O 8.
Qd3 Bg4 9. h3 Bh5 10. Bg5 Bg6 11. Qd2 Qb6 12. a3 Nbd7 13. Bd3 Bxd3 14. Qxd3
Rfe8 15. Na4 Qa5 16. b3 Ne4 17. Rfe1 Nxg5 18. Nxg5 Rxe1+ 0-1

[Event "Championnat Loire Jeunes 2009 - Cadets-J"]
[Site "Saint Just "]
[Date "2009.10.24"]
[Round "1.4"]
[White "Carrot, Axel"]
[Black "Lebrun, Enzo"]
[Result "1-0"]
[WhiteElo "1485"]
[BlackElo "1299"]
[PlyCount "25"]
[EventDate "2009.??.??"]

1. e4 e6 2. d4 d5 3. e5 c5 4. c3 c4 5. b3 b5 6. a4 Bd7 7. axb5 Bxb5 8. bxc4
Bxc4 9. Bxc4 dxc4 10. Qa4+ Nc6 11. Qxc6+ Qd7 12. Qxa8+ Ke7 13. Rxa7 1-0

[Event "Championnat Loire Jeunes 2009 - Cadets-J"]
[Site "Saint Just "]
[Date "2009.10.24"]
[Round "2.1"]
[White "Muller, Anthony"]
[Black "Carrot, Axel"]
[Result "1-0"]
[WhiteElo "1920"]
[BlackElo "1485"]
[PlyCount "69"]
[EventDate "2009.??.??"]

1. c4 e5 2. g3 Nf6 3. Bg2 g6 4. Nc3 Bg7 5. e3 O-O 6. Nge2 c6 7. d4 exd4 8. exd4
d6 9. O-O Bf5 10. b4 Qd7 11. Re1 Bh3 12. Bh1 Qf5 13. Nf4 Nbd7 14. Ne4 Nb6 15.
Nxd6 Qe6 16. Nxh3 Qxd6 17. c5 Qd7 18. cxb6 Qxh3 19. Bg2 Qd7 20. bxa7 Rxa7 21.
Bb2 Rd8 22. Qd2 Nd5 23. Bxd5 Qxd5 24. a3 Bxd4 25. Rad1 Bg7 26. Qxd5 Rxd5 27.
Rxd5 cxd5 28. Re8+ Bf8 29. Bd4 b6 30. Bxb6 Rd7 31. Bc5 d4 32. Bxf8 f5 33. Bh6+
Kf7 34. Re1 Ra7 35. Bc1 1-0

[Event "Championnat Loire Jeunes 2009 - Cadets-J"]
[Site "Saint Just "]
[Date "2009.10.24"]
[Round "2.2"]
[White "Desassis, Gregoire"]
[Black "Moleins, Adrien"]
[Result "0-1"]
[WhiteElo "1550"]
[BlackElo "1688"]
[PlyCount "60"]
[EventDate "2009.??.??"]

1. d4 f5 2. e3 e6 3. Nf3 Nf6 4. Bc4 Be7 5. O-O d5 6. Bb3 Bd6 7. c4 c6 8. c5 Bc7
9. Bd2 Qe7 10. Qc2 g5 11. g3 Qg7 12. Ne1 Ke7 13. f3 h5 14. Nc3 h4 15. Bc1 hxg3
16. hxg3 Bxg3 17. Qg2 Bh4 18. e4 Na6 19. exf5 exf5 20. f4 Ng4 21. Nf3 Be6 22.
Qe2 gxf4 23. Bxf4 Nf6+ 24. Kh1 Bg3+ 25. Nh2 Rxh2+ 26. Qxh2 Bxh2 27. Bxh2 Rh8
28. Rae1 Qg3 29. Re2 Ng4 30. Rfe1 Rxh2+ 0-1

[Event "Championnat Loire Jeunes 2009 - Cadets-J"]
[Site "Saint Just "]
[Date "2009.10.24"]
[Round "2.3"]
[White "Lebrun, Enzo"]
[Black "Schlick, Paul"]
[Result "0-1"]
[WhiteElo "1299"]
[BlackElo "1430"]
[PlyCount "92"]
[EventDate "2009.??.??"]

1. e4 e5 2. Nf3 Nc6 3. Bc4 Bc5 4. Nc3 Nf6 5. Nd5 Nxe4 6. O-O Nf6 7. c3 O-O 8.
d4 exd4 9. cxd4 Bd6 10. Bg5 Be7 11. Bf4 Nxd5 12. Bxd5 Nb4 13. Bb3 d6 14. h3 Be6
15. d5 Bf5 16. a3 Nd3 17. Bc1 Bf6 18. Ra2 Nxc1 19. Qxc1 Re8 20. Ba4 Bd7 21. Bc2
Bb5 22. Rd1 Be2 23. Rd2 Bxf3 24. gxf3 Bg5 25. Ba4 Bxd2 26. Qxd2 Re5 27. f4 Rh5
28. Qe3 Qf6 29. b4 Rxd5 30. Re2 g6 31. Qe4 Qf5 32. Qe7 Qxf4 33. Bb3 Qg5+ 34.
Qxg5 Rxg5+ 35. Kh2 Re5 36. Rc2 c6 37. f4 Re3 38. Rb2 Rae8 39. f5 Re2+ 40. Rxe2
Rxe2+ 41. Kg1 d5 42. f6 d4 43. Kf1 d3 44. Bc4 Re3 45. h4 d2 46. Be2 Rd3 0-1

[Event "Championnat Loire Jeunes 2009 - Cadets-J"]
[Site "Saint Just "]
[Date "2009.10.24"]
[Round "2.4"]
[White "Swietlicki, Jordan"]
[Black "Briancon, Jean Philippe"]
[Result "0-1"]
[WhiteElo "1310"]
[BlackElo "1299"]
[PlyCount "82"]
[EventDate "2009.??.??"]

1. e4 e5 2. Nf3 Nc6 3. d3 Bc5 4. Be2 Nf6 5. Nc3 h6 6. h3 d6 7. O-O O-O 8. a3
Be6 9. Bd2 Nd4 10. b4 Nxf3+ 11. Bxf3 Bd4 12. Rb1 c6 13. Qe1 d5 14. Be3 Bxc3 15.
Qxc3 d4 16. Qd2 dxe3 17. Qxe3 b6 18. Rbd1 Qd4 19. Qd2 Qb2 20. a4 Rfd8 21. c3
Qxd2 22. Rxd2 a5 23. bxa5 Rxa5 24. Bd1 Nxe4 25. Rc2 Bb3 26. Rc1 Bxd1 27. Rcxd1
Nxc3 28. Rd2 Rxa4 29. Rb2 b5 30. Re1 f6 31. Re3 Nd1 32. Ree2 Nxb2 33. Rxb2 Rxd3
34. Kf1 e4 35. Ke2 b4 36. f3 c5 37. fxe4 Raa3 38. h4 Re3+ 39. Kd2 Rxe4 40. h5
Rg4 41. g3 Rgxg3 0-1

[Event "Championnat Loire Jeunes 2009 - Cadets-J"]
[Site "Saint Just "]
[Date "2009.10.24"]
[Round "3.1"]
[White "Moleins, Adrien"]
[Black "Muller, Anthony"]
[Result "0-1"]
[WhiteElo "1688"]
[BlackElo "1920"]
[PlyCount "30"]
[EventDate "2009.??.??"]

1. e4 e6 2. d4 d5 3. e5 Qd7 4. f4 b6 5. Nf3 Ba6 6. c3 Bxf1 7. Rxf1 h5 8. Qd3
Nh6 9. Nh4 Be7 10. Qg3 g6 11. h3 c5 12. Nf3 Nc6 13. Qf2 Nf5 14. a3 cxd4 15.
Nxd4 Bh4 0-1

[Event "Championnat Loire Jeunes 2009 - Cadets-J"]
[Site "Saint Just "]
[Date "2009.10.24"]
[Round "3.2"]
[White "Schlick, Paul"]
[Black "Desassis, Gregoire"]
[Result "0-1"]
[WhiteElo "1430"]
[BlackElo "1550"]
[PlyCount "52"]
[EventDate "2009.??.??"]

1. d4 d5 2. c4 Nf6 3. Nc3 e6 4. c5 Nc6 5. Bf4 Ne4 6. Nb5 Qf6 7. Nxc7+ Kd7 8. e3
g5 9. Nxa8 gxf4 10. f3 Qh4+ 11. g3 fxg3 12. Bg2 Nf2 13. Qd2 Nxh1 14. hxg3 Nxg3
15. Qf2 Nf5 16. Qxh4 Nxh4 17. Bh3 Bh6 18. Ke2 Nf5 19. Bxf5 exf5 20. Nh3 Re8 21.
f4 Nxd4+ 22. Kd3 Ne6 23. b4 Ke7 24. Rc1 Bd7 25. Nb6 axb6 26. cxb6 Ra8 0-1

[Event "Championnat Loire Jeunes 2009 - Cadets-J"]
[Site "Saint Just "]
[Date "2009.10.24"]
[Round "3.3"]
[White "Carrot, Axel"]
[Black "Briancon, Jean Philippe"]
[Result "1-0"]
[WhiteElo "1485"]
[BlackElo "1299"]
[PlyCount "85"]
[EventDate "2009.??.??"]

1. e4 e5 2. Nf3 Nc6 3. Bb5 Nf6 4. O-O Bc5 5. Re1 O-O 6. c3 d5 7. exd5 Qxd5 8.
Bxc6 bxc6 9. Rxe5 Qd6 10. d4 Rd8 11. Bg5 Bb6 12. Qe2 Bg4 13. Nbd2 h6 14. Ne4
Bxf3 15. Qxf3 Nxe4 16. Bxd8 Qxd8 17. Qxe4 Qf6 18. Re1 g6 19. Re8+ Rxe8 20.
Qxe8+ Kh7 21. Qe5 Qxe5 22. Rxe5 Kg7 23. f4 Kf6 24. Kf2 g5 25. g3 g4 26. Ke3 a5
27. Ke4 a4 28. Rf5+ Kg6 29. Re5 Kf6 30. Kd3 Ba7 31. Ra5 Bb6 32. Rxa4 c5 33. Rc4
cxd4 34. cxd4 Ke6 35. b4 h5 36. a4 Kd6 37. Ke4 f6 38. Rc2 f5+ 39. Kxf5 Bxd4 40.
Rd2 Kd5 41. a5 Kc4 42. Rxd4+ Kxd4 43. a6 1-0

[Event "Championnat Loire Jeunes 2009 - Cadets-J"]
[Site "Saint Just "]
[Date "2009.10.24"]
[Round "3.4"]
[White "Lebrun, Enzo"]
[Black "Swietlicki, Jordan"]
[Result "0-1"]
[WhiteElo "1299"]
[BlackElo "1310"]
[PlyCount "46"]
[EventDate "2009.??.??"]

1. e4 e5 2. Nf3 Nc6 3. Bc4 h6 4. Nc3 Nf6 5. d3 d6 6. Be3 Be7 7. Nd5 O-O 8. d4
Nxe4 9. Qd3 Bf5 10. O-O Bg6 11. Qb3 exd4 12. Bxd4 Nxd4 13. Nxd4 Nd2 14. Qxb7
Nxf1 15. Rxf1 Bf6 16. c3 c5 17. Nc6 Qe8 18. Nxf6+ gxf6 19. Ne7+ Kh8 20. Re1 Qb8
21. Qd7 Re8 22. Nxg6+ fxg6 23. Bf7 Rxe1# 0-1

[Event "Championnat Loire Jeunes 2009 - Cadets-J"]
[Site "Saint Just "]
[Date "2009.10.25"]
[Round "4.1"]
[White "Muller, Anthony"]
[Black "Desassis, Gregoire"]
[Result "1-0"]
[WhiteElo "1920"]
[BlackElo "1550"]
[PlyCount "40"]
[EventDate "2009.??.??"]

1. c4 e5 2. g3 Bc5 3. Bg2 Nf6 4. Nc3 Ng4 5. e3 Nc6 6. Qxg4 O-O 7. Qd1 d6 8.
Nge2 Re8 9. a3 Qf6 10. Nd5 Qd8 11. b4 Bb6 12. O-O Bg4 13. Bb2 Qc8 14. Re1 e4
15. d3 Bf3 16. Bxf3 exf3 17. Nef4 g5 18. Nf6+ Kf8 19. Nxh7+ Ke7 20. Nd5+ Ke6
1-0

[Event "Championnat Loire Jeunes 2009 - Cadets-J"]
[Site "Saint Just "]
[Date "2009.10.25"]
[Round "4.2"]
[White "Carrot, Axel"]
[Black "Moleins, Adrien"]
[Result "1/2-1/2"]
[WhiteElo "1485"]
[BlackElo "1688"]
[PlyCount "41"]
[EventDate "2009.??.??"]

1. e4 e5 2. Nf3 f5 3. exf5 e4 4. Nd4 Nf6 5. d3 d5 6. Bf4 Bc5 7. Ne6 Bxe6 8.
fxe6 O-O 9. Be3 Bxe3 10. fxe3 Qd6 11. Nc3 Qxe6 12. Be2 Nc6 13. O-O exd3 14.
Qxd3 Rae8 15. Qb5 Qxe3+ 16. Kh1 d4 17. Bc4+ Kh8 18. Nd5 Nxd5 19. Rxf8+ Rxf8 20.
Bxd5 Ne5 21. Rf1 $11 1/2-1/2

[Event "Championnat Loire Jeunes 2009 - Cadets-J"]
[Site "Saint Just "]
[Date "2009.10.25"]
[Round "4.3"]
[White "Swietlicki, Jordan"]
[Black "Schlick, Paul"]
[Result "0-1"]
[WhiteElo "1310"]
[BlackElo "1430"]
[PlyCount "50"]
[EventDate "2009.??.??"]

1. e4 e5 2. d3 Nc6 3. Nf3 Bc5 4. Nbd2 Nf6 5. h3 d6 6. Be2 O-O 7. O-O Be6 8. a3
a6 9. Rb1 Nh5 10. b4 Ba7 11. c4 Nf4 12. Qe1 Qd7 13. Ng5 f5 14. Nxe6 Qxe6 15.
Kh1 Qh6 16. exf5 Rxf5 17. Bg4 Rg5 18. Kg1 Nxh3+ 19. Bxh3 Qxh3 20. Qe4 Rf8 21.
Nb3 Rg4 22. Qd5+ Kh8 23. Be3 Bxe3 24. fxe3 Qxe3+ 25. Kh1 Rh4# 0-1

[Event "Championnat Loire Jeunes 2009 - Cadets-J"]
[Site "Saint Just "]
[Date "2009.10.25"]
[Round "4.4"]
[White "Briancon, Jean Philippe"]
[Black "Lebrun, Enzo"]
[Result "1-0"]
[WhiteElo "1299"]
[BlackElo "1299"]
[PlyCount "73"]
[EventDate "2009.??.??"]

1. e4 e6 2. d4 d5 3. e5 c5 4. Nf3 Qb6 5. Nc3 Nc6 6. Bb5 Nge7 7. dxc5 Qxc5 8.
Be3 Qb4 9. Rb1 Nf5 10. Bd2 Bd7 11. Nxd5 Qe4+ 12. Ne3 Nxe5 13. Bxd7+ Nxd7 14.
O-O Bd6 15. Nxf5 Qxf5 16. Bc3 Be5 17. Bxe5 Nxe5 18. Nxe5 Qxe5 19. Qd3 Rd8 20.
Qb3 Qd5 21. Qa4+ b5 22. Qxa7 Ra8 23. Qb6 O-O 24. a3 Rab8 25. Qe3 Qa2 26. Qb3
Qxb3 27. cxb3 b4 28. a4 Rfd8 29. Rfd1 Rd5 30. g3 f5 31. f4 h6 32. Kf2 g5 33.
fxg5 hxg5 34. Ke3 Rf8 35. Rxd5 exd5 36. Kd4 Rd8 37. Rf1 1-0

[Event "Championnat Loire Jeunes 2009 - Cadets-J"]
[Site "Saint Just "]
[Date "2009.10.25"]
[Round "5.1"]
[White "Lebrun, Enzo"]
[Black "Muller, Anthony"]
[Result "0-1"]
[WhiteElo "1299"]
[BlackElo "1920"]
[PlyCount "68"]
[EventDate "2009.??.??"]

1. e4 e6 2. d4 d5 3. exd5 exd5 4. Nc3 c6 5. Nf3 Bd6 6. Bd3 Ne7 7. Be3 Bf5 8.
O-O Nd7 9. Qe2 O-O 10. Rae1 Re8 11. Qd2 Qc7 12. Ne2 Bg4 13. Bf4 Bxf3 14. gxf3
Ng6 15. Bxg6 fxg6 16. Bxd6 Qxd6 17. Nf4 Rf8 18. Ng2 Rxf3 19. Re2 Nf6 20. Qg5
Rf8 21. Re5 Ne4 22. Qh4 g5 23. Rxg5 Nxg5 24. Qxg5 h6 25. Qe5 Qb4 26. Nh4 R3f6
27. b3 Qd2 28. f3 Qxc2 29. Rf2 Qb1+ 30. Kg2 g5 31. Kh3 gxh4 32. Rg2+ Kh8 33. f4
Qd3+ 34. Kg4 Rg8+ 0-1

[Event "Championnat Loire Jeunes 2009 - Cadets-J"]
[Site "Saint Just "]
[Date "2009.10.25"]
[Round "5.3"]
[White "Schlick, Paul"]
[Black "Carrot, Axel"]
[Result "1-0"]
[WhiteElo "1430"]
[BlackElo "1485"]
[PlyCount "69"]
[EventDate "2009.??.??"]

1. d4 Nf6 2. c4 d6 3. Nf3 g6 4. Nc3 Bg7 5. e4 O-O 6. Bd3 Nbd7 7. O-O e5 8. d5
b6 9. Be3 Bb7 10. a3 c6 11. b4 Qc7 12. Rc1 a5 13. Qd2 axb4 14. axb4 Ng4 15.
dxc6 Bxc6 16. Nd5 Bxd5 17. cxd5 Qb7 18. Rc6 Nxe3 19. Qxe3 Ra4 20. Rfc1 Qb8 21.
Qd2 Rd8 22. Bb5 Ra7 23. Qc3 Kf8 24. h3 Ke7 25. Rc7 Bh6 26. Rc2 f5 27. exf5 gxf5
28. Nxe5 Rxc7 29. Nc6+ Rxc6 30. dxc6 Ne5 31. c7 Qb7 32. cxd8=Q+ Kxd8 33. Qb3
Qg7 34. Qg3 Qf7 35. Qh4+ 1-0

[Event "Championnat Loire Jeunes 2009 - Cadets-J"]
[Site "Saint Just "]
[Date "2009.10.25"]
[Round "5.4"]
[White "Desassis, Gregoire"]
[Black "Swietlicki, Jordan"]
[Result "1-0"]
[WhiteElo "1550"]
[BlackElo "1310"]
[PlyCount "77"]
[EventDate "2009.??.??"]

1. d4 d5 2. Nf3 e6 3. Bf4 Nf6 4. e3 Nc6 5. a3 Bd6 6. Bxd6 cxd6 7. Nc3 h6 8. Bb5
Bd7 9. O-O O-O 10. Re1 a6 11. Ba4 b5 12. Bb3 Rb8 13. Qd3 Na5 14. Ba2 Bc6 15.
Rab1 Ne4 16. Nd2 Nxd2 17. Qxd2 Nc4 18. Qe2 a5 19. e4 dxe4 20. Nxe4 Bxe4 21.
Bxc4 Bxc2 22. Qxc2 bxc4 23. Qxc4 d5 24. Qd3 Qd6 25. Re3 f5 26. Qe2 Rfe8 27. Rc1
f4 28. Rf3 e5 29. dxe5 Qxe5 30. Qd2 a4 31. Rd1 Kh8 32. Kf1 Rbd8 33. Qd4 Qh5 34.
Qxa4 Qxh2 35. Rh3 Ra8 36. Qxa8 Rxa8 37. Rxh2 Rd8 38. Rh4 g5 39. Rxh6+ 1-0